000 00327nam a2200121 i 4500
001 bg
245 0 _aMateriałoznawstwo :
_bćwiczenia laboratoryjne : praca zbiorowa /
_cpod red. Stanisława Prowansa.
260 _aSzczecin,
_c1978.
040 _cBPK
041 _apol
942 _cKS
008 s pl f |000 0 pol
999 _c9883
_d9883
856 _uhttp://koha.tu.koszalin.pl/cgi-bin/koha/opac-detail.pl?biblionumber=9883
_yKatalog online BPK